[Event "Tournoi francophone 012 Groupe D"]
[Site "Skype"]
[Date "????.??.??"]
[Round "1.1"]
[White "Maccaferri, Massimo"]
[Black "Porcabeuf, Jean-Marc"]
[Result "1-0"]
[WhiteElo "1140"]
[BlackElo "1225"]
[PlyCount "95"]

1. e4 e6 2. d4 d5 3. exd5 exd5 4. Qh5 Nf6 5. Qf3 Be7 6. Qg3 O-O 7. h4 Bd6 8. f4
Nc6 9. c3 Ne4 10. Qf3 Re8 11. Be2 Bf5 12. g4 Bd7 13. g5 f6 14. Qg2 Ne7 15. gxf6
Nxf6 16. h5 Nf5 17. Nf3 Nh6 18. f5 Bxf5 19. Bxh6 Ng4 20. Nh2 Nxh6 21. Qxd5+ Kh8
22. Nf3 Bd3 23. Ne5 Bf5 24. Qg2 Bxe5 25. dxe5 Rxe5 26. Rg1 Re7 27. Nd2 Qd7 28.
O-O-O c5 29. Ne4 Qb5 30. Bxb5 Bxe4 31. Qe2 a6 32. Bd3 Rae8 33. Bxe4 Rxe4 34.
Qd3 R4e6 35. Qd7 R6e7 36. Qd6 Nf7 37. Qxc5 h6 38. Qd4 Ne5 39. Rdf1 Nd7 40. Rg6
Rf8 41. Rxh6+ Kg8 42. Rg1 Ref7 43. Rhg6 Rf1+ 44. Rxf1 Rxf1+ 45. Kc2 Rf7 46. h6
Kh7 47. Rxg7+ Rxg7 48. Qxg7# 1-0

[Event "Tournoi francophone 012 Groupe D"]
[Site "Skype"]
[Date "????.??.??"]
[Round "1.2"]
[White "Bustos, Ricardo"]
[Black "Ramirez, Luis Antonio"]
[Result "0-1"]
[WhiteElo "1260"]
[BlackElo "1155"]
[PlyCount "50"]

1. d4 Nf6 2. Nf3 g6 3. c4 Bg7 4. Bg5 d6 5. Nc3 O-O 6. e4 e5 7. dxe5 dxe5 8.
Nxe5 Qxd1+ 9. Rxd1 Nbd7 10. Nf3 Re8 11. Bd3 Nc5 12. Be2 Be6 13. Bxf6 Bxf6 14.
O-O Nd7 15. Nd5 Bxd5 16. Rxd5 Re7 17. Rfd1 Rxe4 18. Rxd7 Rxe2 19. Rxc7 Rxb2 20.
a4 Re8 21. Rcd7 Ree2 22. R7d2 Re6 23. Kf1 Kg7 24. Re1 Reb6 25. g3 Bc3 0-1

[Event "Tournoi francophone 012 Groupe D"]
[Site "Skype"]
[Date "????.??.??"]
[Round "1.3"]
[White "Hargez, Dany"]
[Black "Le Bouill, Pierre"]
[Result "0-1"]
[WhiteElo "1234"]
[BlackElo "1275"]
[PlyCount "66"]

1. d4 Nf6 2. c4 d5 3. Nf3 e6 4. c5 b6 5. b4 a5 6. Qa4+ c6 7. Nc3 b5 8. Qa3 Bb7
9. Bg5 Nbd7 10. Ne5 Be7 11. e4 Nxe4 12. Bxe7 Qxe7 13. Nf3 Qd8 14. Bd3 Nxc3 15.
Qxc3 Nf6 16. O-O O-O 17. Rfe1 axb4 18. Qxb4 Re8 19. Qb1 h6 20. Ne5 Ne4 21. Bxe4
dxe4 22. Rxe4 f5 23. Rf4 g5 24. Rf3 Qxd4 25. Nd3 Rad8 26. Nb4 Qxc5 27. g4 Rf8
28. Qb3 Qe5 29. Re3 Qxa1+ 30. Kg2 Rd6 31. gxf5 c5+ 32. Kg3 Qg1+ 33. Kh3 Qg2#
0-1

[Event "Tournoi francophone 012 Groupe D"]
[Site "Skype"]
[Date "????.??.??"]
[Round "1.4"]
[White "De Fazio, Monica"]
[Black "Vervoort, Jean-Louis"]
[Result "1-0"]
[WhiteElo "1175"]
[BlackElo "1177"]
[PlyCount "35"]

1. e4 e5 2. Bc4 Nf6 3. d3 Bc5 4. Nh3 d6 5. O-O Bxh3 6. gxh3 Qd7 7. Qf3 O-O 8.
Bg5 Qe7 9. Nc3 h6 10. Nd5 Qd8 11. Bxf6 gxf6 12. Nxf6+ Kh8 13. Qf5 Rg8+ 14. Nxg8
Qxg8+ 15. Kh1 Qd8 16. Rg1 Qh4 17. Qc8+ Kh7 18. Qg8# 1-0

[Event "Tournoi francophone 012 Groupe D"]
[Site "Skype"]
[Date "????.??.??"]
[Round "1.5"]
[White "Scata, Laura"]
[Black "Rodriguez, Nathalie"]
[Result "1-0"]
[WhiteElo "1316"]
[BlackElo "1306"]
[PlyCount "103"]

1. d4 d5 2. Nf3 Nf6 3. Bf4 e6 4. h3 c5 5. e3 Nc6 6. c3 b6 7. Nbd2 Bd6 8. Bxd6
Qxd6 9. Bd3 c4 10. Bc2 O-O 11. a4 Bb7 12. O-O Ne7 13. Re1 Nf5 14. Qb1 Qc6 15.
e4 Nxe4 16. Nxe4 dxe4 17. Bxe4 Qd7 18. Ne5 Qc8 19. Bxb7 Qxb7 20. Nxc4 Rad8 21.
Ne3 Nxe3 22. Rxe3 Rd5 23. Qe4 Qd7 24. b3 Re8 25. Qg4 f5 26. Qg3 Qd6 27. Qxd6
Rxd6 28. Re5 Kf7 29. Rae1 Rd5 30. Rxd5 exd5 31. Rxe8 Kxe8 32. Kf1 Kd7 33. Ke2
Kc6 34. Kd3 a5 35. c4 dxc4+ 36. Kxc4 g6 37. b4 axb4 38. Kxb4 h6 39. d5+ Kxd5
40. Kb5 Ke4 41. Kxb6 Kf4 42. a5 h5 43. a6 g5 44. a7 g4 45. h4 g3 46. f3 Ke3 47.
a8=Q Kf2 48. Qa2+ Kg1 49. Kc5 f4 50. Kd4 Kh2 51. Ke4 Kg1 52. Kxf4 1-0

[Event "Tournoi francophone 012 Groupe D"]
[Site "Skype"]
[Date "????.??.??"]
[Round "2.1"]
[White "Porcabeuf, Jean-Marc"]
[Black "Rodriguez, Nathalie"]
[Result "0-1"]
[WhiteElo "1225"]
[BlackElo "1306"]
[PlyCount "84"]

1. e4 e5 2. Nf3 Nc6 3. d4 exd4 4. Nxd4 Nf6 5. Nc3 d6 6. Bd3 Nxd4 7. O-O Be7 8.
Re1 Nc6 9. h3 O-O 10. Ne2 Bd7 11. Ng3 g6 12. Bh6 Re8 13. e5 Nxe5 14. Be4 c6 15.
c3 Nxe4 16. Rxe4 Qc7 17. Nh5 d5 18. Re3 Bf8 19. Bg5 Be7 20. Bh6 Bf8 21. Bg5 Bc5
22. Rg3 Be7 23. Bh6 Bf8 24. Nf6+ Kh8 25. Nxe8 Rxe8 26. Bg5 Bg7 27. Qd2 f6 28.
Bh6 Nf7 29. Bf4 Qd8 30. h4 Bf5 31. h5 Qe7 32. hxg6 Bxg6 33. Rc1 Nd6 34. Re3 Ne4
35. Qe2 Qd7 36. Re1 Qf5 37. Bg3 Kg8 38. Rf3 Qd7 39. Re3 Bh6 40. f4 Kf8 41. Rf1
Nxg3 42. Rxg3 Rxe2 0-1

[Event "Tournoi francophone 012 Groupe D"]
[Site "Skype"]
[Date "????.??.??"]
[Round "2.2"]
[White "Vervoort, Jean-Louis"]
[Black "Scata, Laura"]
[Result "0-1"]
[WhiteElo "1177"]
[BlackElo "1316"]
[PlyCount "32"]

1. d4 c6 2. Bf4 d5 3. e3 Bf5 4. Nf3 Nf6 5. Bd3 Bg6 6. O-O e6 7. Bxg6 hxg6 8. c3
Bd6 9. Bxd6 Qxd6 10. Nbd2 Nbd7 11. Qb3 O-O-O 12. Qa4 Kb8 13. Nb3 e5 14. Rfe1 e4
15. Na5 exf3 16. gxf3 Qxh2+ 0-1

[Event "Tournoi francophone 012 Groupe D"]
[Site "Skype"]
[Date "????.??.??"]
[Round "2.3"]
[White "Le Bouill, Pierre"]
[Black "De Fazio, Monica"]
[Result "0-1"]
[WhiteElo "1275"]
[BlackElo "1175"]
[PlyCount "34"]

1. Nf3 b6 2. c3 Bb7 3. d3 g6 4. Qb3 e6 5. e4 Ne7 6. Qc2 Bg7 7. Be2 h6 8. b3 O-O
9. Bb2 d5 10. d4 dxe4 11. Ne5 Nf5 12. Ng4 h5 13. Ne3 Bh6 14. Nd2 Qh4 15. O-O-O
Qxf2 16. Ba3 Nxe3 17. Bxf8 Nxc2 0-1

[Event "Tournoi francophone 012 Groupe D"]
[Site "Skype"]
[Date "????.??.??"]
[Round "2.4"]
[White "Ramirez, Luis Antonio"]
[Black "Hargez, Dany"]
[Result "0-1"]
[WhiteElo "1155"]
[BlackElo "1234"]
[PlyCount "84"]

1. d4 d5 2. Nc3 Bf5 3. Nf3 e6 4. Be3 Nf6 5. Qd2 Bb4 6. a3 Ne4 7. Qc1 Nxc3 8.
bxc3 Bxc3+ 9. Bd2 Bxa1 10. Qxa1 Nc6 11. e3 Bxc2 12. Qb2 Ba4 13. Bb5 Bxb5 14.
Qxb5 Rb8 15. O-O O-O 16. Qd3 Ne7 17. e4 Ng6 18. e5 f5 19. Bg5 Qe8 20. h4 f4 21.
h5 Ne7 22. h6 g6 23. Re1 Rf5 24. Bf6 b6 25. Nh4 Rh5 26. Qh3 Nf5 27. Re2 Rxh6
28. Bg5 Rh5 29. Bxf4 Rxh4 30. Qc3 Rxf4 31. g3 Rg4 32. Qxc7 Nxd4 33. Re3 Nf5 34.
Rc3 Rc4 35. Rxc4 dxc4 36. Qxc4 Qe7 37. Qb3 Nd4 38. Qd3 Rf8 39. Qxd4 Qxa3 40. f4
Qxg3+ 41. Kf1 Rxf4+ 42. Ke2 Rxd4 0-1

[Event "Tournoi francophone 012 Groupe D"]
[Site "Skype"]
[Date "????.??.??"]
[Round "2.5"]
[White "Maccaferri, Massimo"]
[Black "Bustos, Ricardo"]
[Result "1-0"]
[WhiteElo "1140"]
[BlackElo "1260"]
[PlyCount "45"]

1. e4 c5 2. Bc4 e6 3. Nc3 a6 4. h4 Be7 5. Qg4 g6 6. h5 Nf6 7. Qg3 b5 8. Be2 b4
9. Nd5 exd5 10. exd5 Nxd5 11. hxg6 fxg6 12. Bf3 Bb7 13. c4 bxc3 14. dxc3 Ra7
15. Bh6 Qc7 16. Qh3 Nf6 17. Bg7 Rg8 18. Bxf6 Bxf6 19. Qxh7 Bxf3 20. Qxg8+ Ke7
21. Rh7+ Kd6 22. Qf8+ Ke6 23. Qf7+ 1-0

[Event "Tournoi francophone 012 Groupe D"]
[Site "Skype"]
[Date "????.??.??"]
[Round "3.1"]
[White "Bustos, Ricardo"]
[Black "Porcabeuf, Jean-Marc"]
[Result "0-1"]
[WhiteElo "1216"]
[BlackElo "1181"]
[PlyCount "38"]

1. d4 d5 2. c4 c6 3. Nc3 Nf6 4. cxd5 cxd5 5. Bg5 Be6 6. Bxf6 exf6 7. Nf3 Bd6 8.
Qc2 Bc7 9. a3 O-O 10. e4 dxe4 11. Nxe4 Bf5 12. Bd3 Re8 13. Nfd2 Nc6 14. Qc5
Nxd4 15. O-O b6 16. Qc3 Rc8 17. Qb4 Bg6 18. Rfe1 Nf5 19. g3 Qxd3 0-1

[Event "Tournoi francophone 012 Groupe D"]
[Site "Skype"]
[Date "????.??.??"]
[Round "3.2"]
[White "Hargez, Dany"]
[Black "Maccaferri, Massimo"]
[Result "1-0"]
[WhiteElo "1177"]
[BlackElo "1152"]
[PlyCount "71"]

1. e4 e5 2. d4 exd4 3. Nf3 Nc6 4. Bc4 Be7 5. Nxd4 Bf6 6. Nf3 Qe7 7. O-O b6 8.
c3 Bb7 9. Bf4 Be5 10. Bxe5 Nxe5 11. Nxe5 Qxe5 12. Nd2 O-O-O 13. Re1 Nf6 14. Bd5
Ng4 15. Qxg4 f6 16. Qf3 g5 17. Nc4 Qe7 18. e5 f5 19. Bxb7+ Kb8 20. Nd6 cxd6 21.
exd6 Qxd6 22. Red1 Qc7 23. Ba6 Rhf8 24. g3 h5 25. Qxh5 Rh8 26. Qxg5 Rdf8 27.
Qe3 f4 28. Qe4 fxg3 29. hxg3 Re8 30. Qg2 Re7 31. Kf1 Rh5 32. Qf3 Re8 33. Qxh5
Rd8 34. Re1 Rh8 35. Re8+ Rxe8 36. Qxe8+ 1-0

[Event "Tournoi francophone 012 Groupe D"]
[Site "Skype"]
[Date "????.??.??"]
[Round "3.3"]
[White "De Fazio, Monica"]
[Black "Ramirez, Luis Antonio"]
[Result "1-0"]
[WhiteElo "1125"]
[BlackElo "1082"]
[PlyCount "51"]

1. e4 Nc6 2. Bc4 Ne5 3. d3 Nf6 4. Nf3 d6 5. Nc3 a6 6. O-O h6 7. Be3 Nfg4 8. Bd4
f6 9. h3 h5 10. hxg4 hxg4 11. Nh2 Rh4 12. g3 Rh3 13. Kg2 Nf3 14. Nxf3 gxf3+ 15.
Qxf3 e5 16. Be3 Qd7 17. Rh1 Rxh1 18. Rxh1 Qd8 19. Qh5+ Kd7 20. Nd5 Kc6 21. Nb4+
Kd7 22. Qf5+ Ke7 23. Qg6 Qe8 24. Bf7 Qxf7 25. Nd5+ Ke6 26. Qf5# 1-0

[Event "Tournoi francophone 012 Groupe D"]
[Site "Skype"]
[Date "????.??.??"]
[Round "3.4"]
[White "Scata, Laura"]
[Black "Le Bouill, Pierre"]
[Result "1-0"]
[WhiteElo "1273"]
[BlackElo "1308"]
[PlyCount "123"]

1. d4 Nf6 2. Bf4 e6 3. Nf3 Nc6 4. c3 d5 5. e3 a6 6. Bd3 Nh5 7. Bg3 Be7 8. Ne5
Nxg3 9. Nxc6 bxc6 10. hxg3 g6 11. Nd2 c5 12. Nf3 cxd4 13. cxd4 c6 14. Qa4 Bb7
15. Ne5 Qd6 16. Rc1 Qb4+ 17. Qxb4 Bxb4+ 18. Ke2 Ke7 19. Nxc6+ Bxc6 20. Rxc6 a5
21. Rhc1 Kf6 22. Rb6 Rab8 23. Rxb8 Rxb8 24. a3 Be7 25. Rc2 h6 26. a4 Bd6 27.
Bb5 Be7 28. Rc7 Bd6 29. Rc6 Rd8 30. Kd1 g5 31. Ra6 Bc7 32. Ra7 Bb6 33. Rb7 Rd6
34. Rd7 Rxd7 35. Bxd7 Ke7 36. Bb5 Kd6 37. Kc2 f6 38. Kc3 e5 39. b4 axb4+ 40.
Kxb4 exd4 41. exd4 Bxd4 42. f3 Bc5+ 43. Ka5 d4 44. Bd3 Kc6 45. Ka6 h5 46. Bb5+
Kc7 47. Be8 h4 48. Kb5 Ba7 49. gxh4 gxh4 50. Kc4 Kd8 51. Bb5 Kc7 52. Kd5 Kb6
53. Ke6 Kc5 54. Kxf6 Kb4 55. Ke5 Kc3 56. Ke4 Bb6 57. f4 Bd8 58. f5 Bf6 59. a5
Kb4 60. a6 Kxb5 61. a7 Kc4 62. a8=Q 1-0

[Event "Tournoi francophone 012 Groupe D"]
[Site "Skype"]
[Date "????.??.??"]
[Round "3.5"]
[White "Rodriguez, Nathalie"]
[Black "Vervoort, Jean-Louis"]
[Result "1-0"]
[WhiteElo "1335"]
[BlackElo "1180"]
[PlyCount "23"]

1. d4 d5 2. Bf4 Nf6 3. e3 Bf5 4. Nf3 Nc6 5. c3 e6 6. Nbd2 Bd6 7. Bg3 Qd7 8. Ne5
Nxe5 9. dxe5 Bxe5 10. Bxe5 O-O-O 11. Be2 g6 12. Bxf6 1-0

[Event "Tournoi francophone 012 Groupe D"]
[Site "Skype"]
[Date "????.??.??"]
[Round "4.1"]
[White "Porcabeuf, Jean-Marc"]
[Black "Vervoort, Jean-Louis"]
[Result "0-1"]
[WhiteElo "1181"]
[BlackElo "1180"]
[PlyCount "126"]

1. e4 e5 2. Nf3 Nc6 3. d4 exd4 4. Nxd4 Ne5 5. Nc3 Nf6 6. Be2 Bb4 7. O-O O-O 8.
Bd2 Bxc3 9. Bxc3 Nxe4 10. Bd2 d5 11. Bf4 Re8 12. f3 Nf6 13. Bg3 c6 14. c3 Qb6
15. Qd2 c5 16. Nc2 Qxb2 17. Rab1 Qxa2 18. Ra1 Qb3 19. Rfb1 Qxb1+ 20. Rxb1 b6
21. Bh4 Bb7 22. Bxf6 gxf6 23. f4 Nc4 24. Bxc4 dxc4 25. Ne3 Rad8 26. Qc2 Be4 27.
Qf2 Bxb1 28. Qg3+ Kf8 29. Ng4 Rd1+ 30. Kf2 Rd2+ 31. Kg1 Rde2 32. h3 Re1+ 33.
Kh2 Rf1 34. Nxf6 Ree1 35. Qg8+ Ke7 36. Nd5+ Ke6 37. Nc7+ Kf6 38. Ne8+ Ke7 39.
Ng7 Rh1+ 40. Kg3 Re3+ 41. Kf2 Rhe1 42. f5 R3e2+ 43. Kg3 Kf6 44. Nh5+ Ke5 45.
Qg7+ Ke4 46. Qxf7 Rg1 47. Qe8+ Kd3 48. Qxe2+ Kxe2 49. f6 Bg6 50. Nf4+ Kf1 51.
Nxg6 Rxg2+ 52. Kf4 Rxg6 53. Kf5 Rxf6+ 54. Kxf6 a5 55. Ke5 a4 56. Kd5 a3 57. Kc6
a2 58. Kxb6 a1=Q 59. Kxc5 Qxc3 60. Kc6 Qe5 61. h4 h5 62. Kb7 c3 63. Kc6 c2 0-1

[Event "Tournoi francophone 012 Groupe D"]
[Site "Skype"]
[Date "????.??.??"]
[Round "4.2"]
[White "Le Bouill, Pierre"]
[Black "Rodriguez, Nathalie"]
[Result "1-0"]
[WhiteElo "1308"]
[BlackElo "1335"]
[PlyCount "137"]

1. e4 e5 2. Nf3 Nc6 3. Bb5 Nf6 4. Bxc6 dxc6 5. Nc3 Bd6 6. d4 exd4 7. Nxd4 O-O
8. O-O Bd7 9. Re1 Re8 10. Bg5 h6 11. Bxf6 Qxf6 12. Nf3 Qd8 13. e5 Be7 14. Qd2
f6 15. e6 Bc8 16. Qxd8 Rxd8 17. Rad1 Rxd1 18. Nxd1 b6 19. Nc3 Bb7 20. Rd1 c5
21. Nd5 Bxd5 22. Rxd5 Kf8 23. g4 c6 24. Rd2 g5 25. b3 Ke8 26. h3 Bd8 27. Rd7
Be7 28. Rd2 Rd8 29. Rxd8+ Bxd8 30. h4 Ke7 31. hxg5 fxg5 32. Ne5 Kxe6 33. Nxc6
Bc7 34. Nxa7 Ke5 35. Nb5 Bb8 36. Kg2 Kf4 37. f3 Be5 38. Na3 Bb2 39. Nc4 Bc3 40.
Nxb6 Bd4 41. Nd5+ Ke5 42. Ne7 Kf6 43. Nf5 Be5 44. Nxh6 Kg6 45. Nf5 Kf6 46. Ne3
Bd4 47. Nf5 Bc3 48. Ne3 Bd4 49. Nd5+ Kg6 50. a4 Be5 51. Ne3 Bf4 52. Kf2 Kf6 53.
Ke2 Ke5 54. Nf5 Kd5 55. a5 Kc6 56. a6 Bb8 57. Kd3 Kb6 58. Kc4 Ba7 59. b4 Kxa6
60. bxc5 Kb7 61. Nd4 Bb8 62. c6+ Kb6 63. Kd5 Bc7 64. c3 Bb8 65. c4 Kc7 66. Ne6+
Kc8 67. Nxg5 Kc7 68. Ne6+ Kc8 69. g5 1-0

[Event "Tournoi francophone 012 Groupe D"]
[Site "Skype"]
[Date "????.??.??"]
[Round "4.3"]
[White "Ramirez, Luis Antonio"]
[Black "Scata, Laura"]
[Result "0-1"]
[WhiteElo "1082"]
[BlackElo "1273"]
[PlyCount "106"]

1. e4 c6 2. d4 d5 3. Nf3 dxe4 4. Bg5 exf3 5. Qxf3 Qa5+ 6. c3 Qxg5 7. Bc4 Qf5 8.
Bd3 Qxf3 9. gxf3 Nf6 10. Nd2 b6 11. O-O-O Bb7 12. Rhe1 c5 13. dxc5 bxc5 14.
Bb5+ Bc6 15. Bc4 Bd5 16. Bb5+ Nc6 17. Nb3 Bxb3 18. axb3 Rc8 19. Ba6 Rc7 20. b4
cxb4 21. c4 e6 22. Bb5 Bc5 23. Rd2 Ke7 24. Ba4 Rd8 25. Rxd8 Nxd8 26. Rd1 Bxf2
27. Bb3 Nc6 28. Rd2 Be3 29. Kd1 Bxd2 30. Kxd2 Nd4 31. Bd1 Nf5 32. Ke2 Rxc4 33.
Kd3 Rh4 34. b3 Rd4+ 35. Kc2 Rxd1 36. Kxd1 Kd6 37. Kd2 Kd5 38. Ke2 Kd4 39. Kd2
Nd5 40. Kc2 Ke3 41. f4 Kxf4 42. Kd3 g5 43. Kc4 Ke5 44. h3 h5 45. Kd3 g4 46.
hxg4 hxg4 47. Ke2 Kd4 48. Kf2 g3+ 49. Kg2 Kd3 50. Kf3 Kc3 51. Ke4 g2 52. Ke5
g1=Q 53. Ke4 Qe3# 0-1

[Event "Tournoi francophone 012 Groupe D"]
[Site "Skype"]
[Date "????.??.??"]
[Round "4.4"]
[White "Maccaferri, Massimo"]
[Black "De Fazio, Monica"]
[Result "1-0"]
[WhiteElo "1152"]
[BlackElo "1125"]
[PlyCount "41"]

1. e4 d6 2. Bc4 Nf6 3. h4 b6 4. f4 Bb7 5. e5 dxe5 6. fxe5 Qd4 7. d3 Qxe5+ 8.
Qe2 Qg3+ 9. Qf2 Qxg2 10. Qxg2 Bxg2 11. Rh2 Bd5 12. Bb5+ c6 13. Ba4 Na6 14. Bg5
Nb4 15. Kd2 Nd7 16. c4 Nc5 17. Bb3 Ncxd3 18. cxd5 cxd5 19. a3 e6 20. Ba4+ b5
21. Bxb5+ 1-0

[Event "Tournoi francophone 012 Groupe D"]
[Site "Skype"]
[Date "????.??.??"]
[Round "4.5"]
[White "Bustos, Ricardo"]
[Black "Hargez, Dany"]
[Result "1/2-1/2"]
[WhiteElo "1216"]
[BlackElo "1177"]
[PlyCount "94"]

1. d4 d5 2. c4 Bf5 3. Nf3 e6 4. cxd5 Qxd5 5. Nc3 Bb4 6. Qb3 Bxc3+ 7. bxc3 Qc6
8. Ne5 Qe4 9. f3 Qh4+ 10. g3 Qd8 11. Qxb7 Nd7 12. Nxd7 Kxd7 13. Qb5+ Kc8 14.
Bg2 Ne7 15. f4 Nd5 16. Bxd5 exd5 17. O-O Re8 18. Qa4 Re6 19. Qb4 Rb6 20. Qc5
Bd7 21. Qxd5 Rc6 22. Bd2 Rb8 23. Qxf7 Re6 24. e3 Re7 25. Qc4 Rb6 26. a4 Rc6 27.
Qd3 h5 28. d5 Rh6 29. Ra2 h4 30. Rb1 hxg3 31. Be1 gxh2+ 32. Rxh2 Qh8 33. Bg3
Rxh2 34. Bxh2 Qh6 35. c4 g6 36. Qb3 Kd8 37. Qb8+ Bc8 38. d6 cxd6 39. Qxd6+ Rd7
40. Qf6+ Re7 41. Rb2 Ke8 42. Qc6+ Bd7 43. Qa8+ Kf7 44. Qxa7 Qh5 45. Rb1 Qe2 46.
Rf1 Qxe3+ 47. Qxe3 Rxe3 1/2-1/2

[Event "Tournoi francophone 012 Groupe D"]
[Site "Skype"]
[Date "????.??.??"]
[Round "5.1"]
[White "Hargez, Dany"]
[Black "Porcabeuf, Jean-Marc"]
[Result "1-0"]
[WhiteElo "1177"]
[BlackElo "1181"]
[PlyCount "71"]

1. e4 e5 2. d4 exd4 3. Qxd4 Nc6 4. Qd1 d6 5. Nf3 Be7 6. Bb5 Nf6 7. Nc3 O-O 8.
Bxc6 bxc6 9. Nd4 Bb7 10. O-O h6 11. Re1 Qd7 12. e5 dxe5 13. Rxe5 Bd6 14. Re1
Bc8 15. Nf3 c5 16. Nd5 Nxd5 17. Qxd5 Bb7 18. Qxb7 Rfb8 19. Qe4 Re8 20. Qc4
Rxe1+ 21. Nxe1 c6 22. Nf3 Rb8 23. b3 Rb4 24. Qc3 Bc7 25. Bb2 f6 26. Re1 Rb8 27.
Qxc5 Bb6 28. Qc4+ Kh7 29. Qf4 Bc7 30. Qc1 Rd8 31. c4 a5 32. h3 Rb8 33. Qc2+ Kg8
34. Rd1 Qe8 35. Nd4 a4 36. Nxc6 1-0

[Event "Tournoi francophone 012 Groupe D"]
[Site "Skype"]
[Date "????.??.??"]
[Round "5.2"]
[White "De Fazio, Monica"]
[Black "Bustos, Ricardo"]
[Result "0-1"]
[WhiteElo "1125"]
[BlackElo "1216"]
[PlyCount "62"]

1. e4 c5 2. c4 Nc6 3. Nc3 e6 4. Nf3 a6 5. Be2 d6 6. d3 Be7 7. Be3 Nf6 8. h3 O-O
9. O-O Rb8 10. Qd2 b5 11. cxb5 axb5 12. a4 b4 13. Na2 Ne5 14. Nh2 Bd7 15. d4
cxd4 16. Bxd4 Nxe4 17. Qe3 Nf6 18. Qb3 Nc6 19. Bd3 Nxd4 20. Qc4 Qb6 21. Nc1
Rfc8 22. a5 Qa7 23. Qa2 b3 24. Qb1 Nc2 25. Bxc2 bxc2 26. Qa2 d5 27. Nd3 Bb5 28.
Rfe1 Bxd3 29. Qa4 Ne4 30. Nf1 Qxf2+ 31. Kh1 Ng3+ 0-1

[Event "Tournoi francophone 012 Groupe D"]
[Site "Skype"]
[Date "????.??.??"]
[Round "5.3"]
[White "Scata, Laura"]
[Black "Maccaferri, Massimo"]
[Result "1-0"]
[WhiteElo "1273"]
[BlackElo "1152"]
[PlyCount "137"]

1. d4 e5 2. dxe5 Nc6 3. Nf3 Qe7 4. Qd5 Nb4 5. Qb3 Qe6 6. Qxe6+ dxe6 7. Na3 Bd7
8. c3 Nd5 9. e4 Nb6 10. Be2 f6 11. Nb5 Bxb5 12. Bxb5+ c6 13. Be2 O-O-O 14. Be3
fxe5 15. Nxe5 Nh6 16. Bxh6 Rg8 17. Be3 Bd6 18. Nf7 Rd7 19. Nxd6+ Rxd6 20. Rd1
Rxd1+ 21. Bxd1 e5 22. Bb3 Rd8 23. Ke2 Kb8 24. Rd1 Rc8 25. Bc5 Kc7 26. Ke3 a5
27. a4 Nd7 28. Bd6+ Kb6 29. Be6 Rd8 30. Bxe5 Re8 31. Bd4+ Kc7 32. Bxd7 Kxd7 33.
Bxg7+ Kc8 34. Bf6 Rg8 35. g3 Rf8 36. e5 Re8 37. f4 b5 38. b3 Kc7 39. Bd8+ Rxd8
40. Rxd8 Kxd8 41. Ke4 Ke7 42. f5 h5 43. h3 Kf7 44. e6+ Kf6 45. g4 hxg4 46. hxg4
bxa4 47. bxa4 Ke7 48. Ke5 Kf8 49. f6 c5 50. e7+ Kf7 51. Kd6 c4 52. Kd7 Kxf6 53.
e8=Q Kg5 54. Qe6 Kf4 55. Qxc4+ Kg5 56. Qc5+ Kxg4 57. Qxa5 Kf4 58. Qd5 Kg4 59.
Qe5 Kf3 60. Qd4 Ke2 61. c4 Kf3 62. Ke6 Ke2 63. Qc3 Kf2 64. Qd3 Kg2 65. Qe3 Kh2
66. Qg5 Kh3 67. Kf5 Kh2 68. Kf4 Kh1 69. Kf3 1-0

[Event "Tournoi francophone 012 Groupe D"]
[Site "Skype"]
[Date "????.??.??"]
[Round "5.4"]
[White "Rodriguez, Nathalie"]
[Black "Ramirez, Luis Antonio"]
[Result "1-0"]
[WhiteElo "1335"]
[BlackElo "1082"]
[PlyCount "55"]

1. d4 Nf6 2. Bf4 d6 3. Nf3 g6 4. e3 Bg7 5. Bd3 O-O 6. Nbd2 e5 7. dxe5 dxe5 8.
Nxe5 Ng4 9. Nxg4 Bxb2 10. Rb1 Bg7 11. Ne4 Nd7 12. Bc4 b6 13. Nh6+ Kh8 14. Nxf7+
Rxf7 15. Bxf7 Qe8 16. Bxe8 Nf8 17. Bf7 Bb7 18. Qd3 Rc8 19. O-O c5 20. Nd6 Rc7
21. Nxb7 Rxb7 22. Bd5 Re7 23. Rfd1 h6 24. Bd6 Rd7 25. Bxf8 Bxf8 26. Qxg6 Rg7
27. Qxh6+ Rh7 28. Qxf8# 1-0

[Event "Tournoi francophone 012 Groupe D"]
[Site "Skype"]
[Date "????.??.??"]
[Round "5.5"]
[White "Vervoort, Jean-Louis"]
[Black "Le Bouill, Pierre"]
[Result "1/2-1/2"]
[WhiteElo "1180"]
[BlackElo "1308"]
[PlyCount "79"]

1. d4 Nf6 2. Bf4 e6 3. e3 Be7 4. Nf3 d5 5. Bd3 Nc6 6. c3 a6 7. O-O Nh5 8. Nbd2
Nxf4 9. exf4 Bd6 10. g3 Qf6 11. Qc2 g6 12. Rfe1 O-O 13. Ng5 Bxf4 14. gxf4 Qxf4
15. Ngf3 Re8 16. Ne5 Nxe5 17. Rxe5 f5 18. Rae1 Qg4+ 19. Kh1 Bd7 20. Rg1 Qh4 21.
Nf3 Qh5 22. Be2 Qh6 23. Qd2 Qg7 24. Bd3 Kf8 25. Rge1 Qf6 26. Ng5 Qg7 27. Qe3
Re7 28. Qh3 Rae8 29. Rg1 c5 30. Qf3 c4 31. Bc2 b5 32. Rg3 h6 33. Nh3 Rf7 34.
Nf4 Rf6 35. Qg2 Qf7 36. Bd1 Ke7 37. Nxg6+ Kd6 38. Nf4 Kc7 39. Rg7 Qf8 40. Bh5
1/2-1/2

[Event "Tournoi francophone 012 Groupe D"]
[Site "Skype"]
[Date "????.??.??"]
[Round "6.1"]
[White "Porcabeuf, Jean-Marc"]
[Black "Le Bouill, Pierre"]
[Result "0-1"]
[WhiteElo "1181"]
[BlackElo "1308"]
[PlyCount "90"]

1. e4 e5 2. Nf3 Nf6 3. Nc3 Bb4 4. Bc4 Bxc3 5. bxc3 Nxe4 6. Bb3 d6 7. O-O O-O 8.
Re1 Nf6 9. d4 e4 10. Ng5 h6 11. Nxe4 Bf5 12. Ng3 Bg6 13. d5 c6 14. c4 cxd5 15.
cxd5 Nbd7 16. Bf4 Qc7 17. c4 b6 18. Rc1 Nc5 19. Bc2 Rae8 20. Bxg6 fxg6 21. Qd2
Rxe1+ 22. Rxe1 Qd7 23. h3 g5 24. Qc2 Nd3 25. Qxd3 gxf4 26. Nf5 Re8 27. Rc1 Re5
28. Nd4 Qf7 29. h4 Rh5 30. Nf5 Qd7 31. Nd4 Rxh4 32. Ne6 Qf7 33. Nxf4 Rxf4 34.
Re1 Rh4 35. g3 Rh3 36. Kg2 Qh5 37. Rg1 Rh2+ 38. Kf1 Qh3+ 39. Ke2 Qg4+ 40. Kf1
h5 41. Qf3 Qxc4+ 42. Ke1 Ne4 43. Qe3 Qb4+ 44. Kd1 Nxf2+ 45. Qxf2 Rxf2 0-1

[Event "Tournoi francophone 012 Groupe D"]
[Site "Skype"]
[Date "????.??.??"]
[Round "6.2"]
[White "Ramirez, Luis Antonio"]
[Black "Vervoort, Jean-Louis"]
[Result "1-0"]
[WhiteElo "1082"]
[BlackElo "1180"]
[PlyCount "31"]

1. c4 c5 2. d4 cxd4 3. Qxd4 Nc6 4. Qd1 e5 5. e4 Nf6 6. Nc3 Bb4 7. a3 Bxc3+ 8.
bxc3 Nxe4 9. Qc2 d5 10. cxd5 Qxd5 11. Bd3 Bf5 12. f3 Nd6 13. Bxf5 Nxf5 14. Qxf5
g6 15. Qf6 O-O 16. Bh6 1-0

[Event "Tournoi francophone 012 Groupe D"]
[Site "Skype"]
[Date "????.??.??"]
[Round "6.3"]
[White "Maccaferri, Massimo"]
[Black "Rodriguez, Nathalie"]
[Result "1-0"]
[WhiteElo "1152"]
[BlackElo "1335"]
[PlyCount "50"]

1. b3 d5 2. Ba3 Nf6 3. Nf3 e6 4. Bxf8 Rxf8 5. c4 c6 6. e3 Nbd7 7. b4 Nb6 8. c5
Nbd7 9. Bd3 h6 10. Nc3 Qc7 11. b5 cxb5 12. Nxb5 Qxc5 13. a4 a6 14. Rc1 Qe7 15.
Nc7+ Kd8 16. Nxa8 Nc5 17. Ke2 Nxd3 18. Kxd3 Ne4 19. Rf1 f5 20. Nb6 Bd7 21. Qc2
Nc5+ 22. Qxc5 Qxc5 23. Rxc5 Ke7 24. Ne5 Kd6 25. Nexd7 Re8 1-0

[Event "Tournoi francophone 012 Groupe D"]
[Site "Skype"]
[Date "????.??.??"]
[Round "6.4"]
[White "Bustos, Ricardo"]
[Black "Scata, Laura"]
[Result "0-1"]
[WhiteElo "1216"]
[BlackElo "1273"]
[PlyCount "76"]

1. d4 c6 2. e4 d5 3. e5 Bf5 4. Qh5 Bg6 5. Qd1 Nd7 6. Nf3 e6 7. Bd3 Bxd3 8. Qxd3
c5 9. c4 Ne7 10. Nc3 cxd4 11. Qxd4 Nc6 12. Qe3 Bc5 13. Qe2 Nd4 14. Nxd4 Bxd4
15. cxd5 Bxc3+ 16. bxc3 Qa5 17. Bd2 Qxd5 18. O-O Qxe5 19. Qxe5 Nxe5 20. f4 Nc4
21. Be1 O-O 22. Bh4 Rac8 23. Bf2 a6 24. Rfd1 Rfd8 25. Rd4 b5 26. Rad1 Rxd4 27.
Rxd4 Kf8 28. Bh4 Ke8 29. Re4 Rc6 30. Rd4 Rd6 31. Rxd6 Nxd6 32. Bg3 Kd7 33. Kf2
Ne4+ 34. Ke3 Nxc3 35. a3 Kc6 36. Kd4 Nd5 37. Be1 Nxf4 38. Ke4 Nxg2 0-1

[Event "Tournoi francophone 012 Groupe D"]
[Site "Skype"]
[Date "????.??.??"]
[Round "6.5"]
[White "Hargez, Dany"]
[Black "De Fazio, Monica"]
[Result "0-1"]
[WhiteElo "1177"]
[BlackElo "1125"]
[PlyCount "54"]

1. d4 d5 2. c4 c6 3. Nf3 h6 4. Bf4 Nd7 5. e3 e6 6. c5 b6 7. b4 Be7 8. Bg3 Bf6
9. Bd3 e5 10. O-O exd4 11. exd4 bxc5 12. Re1+ Ne7 13. bxc5 Nxc5 14. dxc5 Bxa1
15. Nbd2 Bc3 16. Bh4 f6 17. Re3 Qa5 18. Bg6+ Kd8 19. Bh5 d4 20. Re2 Qxc5 21.
Ne4 Qxh5 22. Ng3 Qd5 23. h3 Ng6 24. Re4 c5 25. Re3 Kc7 26. Qa4 dxe3 27. Qf4+
Nxf4 0-1